[Event "NED-ch Blitz Final"]
[Site "Rotterdam"]
[Date "2023.09.09"]
[Round "5"]
[White "Meng, Roger"]
[Black "Van Wely, Loek"]
[Result "0-1"]
[WhiteElo "2441"]
[BlackElo "2644"]
[PlyCount "74"]
[EventDate "2023.09.09"]
[EventType "tourn (blitz)"]
[EventRounds "11"]
[EventCountry "NED"]
[EventCategory "9"]
[SourceTitle "EXT 2024"]
[Source "ChessBase"]
[SourceDate "2023.10.10"]
[SourceVersion "1"]
[SourceVersionDate "2023.10.10"]
[SourceQuality "1"]

1. d4 d5 2. Nf3 Nf6 3. c4 c6 4. Qc2 dxc4 5. Qxc4 Bg4 6. Nbd2 Nbd7 7. g3 e6 8. Bg2 Be7 9. 0-0 0-0 10. Qb3 Qb6 11. Nc4 Qa6 12. e3 Rfd8 13. Nfe5 Bf5 14. Rd1 Nxe5 15. Nxe5 Qb6 16. Qa4 a6 17. b3 Qb5 18. Qc4 Qxe5 19. dxe5 Rxd1+ 20. Bf1 Ne4 21. Bb2 Rd2 22. Bd4 c5 23. f3 Ng5 24. Be2 cxd4 25. e4 Bg6 26. h4 b5 27. Qc7 Rxe2 28. hxg5 Bxg5 29. Qb7 Rf8 30. Kf1 Rh2 31. Kg1 Rc2 32. Rd1 Be3+ 33. Kh1 h5 34. Qxa6 Rf2 35. Qxb5 Rxf3 36. Qc6 Rxg3 37. a4 Rg4 0-1

[Event "NED-ch Blitz Final"]
[Site "Rotterdam"]
[Date "2023.09.09"]
[Round "7"]
[White "Van Arkel, Rogier"]
[Black "Meng, Roger"]
[Result "0-1"]
[WhiteElo "2204"]
[BlackElo "2441"]
[PlyCount "122"]
[EventDate "2023.09.09"]
[EventType "tourn (blitz)"]
[EventRounds "11"]
[EventCountry "NED"]
[EventCategory "9"]
[SourceTitle "EXT 2024"]
[Source "ChessBase"]
[SourceDate "2023.10.10"]
[SourceVersion "1"]
[SourceVersionDate "2023.10.10"]
[SourceQuality "1"]

1. e4 g6 2. d4 Bg7 3. Nc3 d6 4. f4 Nf6 5. Nf3 0-0 6. Bd3 Nc6 7. e5 dxe5 8. fxe5 Nh5 9. Be2 Bg4 10. Be3 f6 11. exf6 exf6 12. 0-0 Re8 13. Qd2 Qe7 14. Bc4+ Kh8 15. Rae1 Qd7 16. h3 Bxf3 17. Rxf3 f5 18. Ne2 Rad8 19. Bb5 a6 20. Bxc6 Qxc6 21. c3 Rd7 22. Nf4 Nf6 23. Bf2 Ne4 24. Qc2 Rde7 25. Nd3 Qd6 26. Rf1 Ng5 27. Rg3 Ne4 28. Rf3 Bh6 29. Be3 Bxe3+ 30. Rxe3 Ng3 31. Rxe7 Rxe7 32. Re1 Rxe1+ 33. Nxe1 Qe6 34. Qf2 Ne4 35. Qe3 Qxa2 36. Nd3 Qe6 37. Nf4 Qd6 38. d5 Qc5 39. Qxc5 Nxc5 40. b4 Ne4 41. c4 c6 42. Kf1 Nd2+ 43. Ke2 Nxc4 44. Kd3 cxd5 45. Nxd5 Nd6 46. Kd4 Kg7 47. Kc5 Nc8 48. Nb6 Ne7 49. Nd7 Nc6 50. Nb6 Kf6 51. Nd5+ Ke5 52. Nc7 Ne7 53. Kb6 Nc6 54. b5 axb5 55. Nxb5 Nd4 56. Nc3 Kf4 57. Nd5+ Kg3 58. Nf6 Kxg2 59. h4 f4 60. Kc5 Nf5 61. Nxh7 f3 0-1

[Event "NED-chT 2223"]
[Site "Netherlands"]
[Date "2023.04.22"]
[Round "9.2"]
[White "Pham, Khoi"]
[Black "Meng, Roger"]
[Result "1-0"]
[WhiteElo "2368"]
[BlackElo "2449"]
[PlyCount "94"]
[EventDate "2022.09.17"]
[EventType "team-tourn"]
[EventRounds "9"]
[EventCountry "NED"]
[SourceTitle "EXT 2024"]
[Source "ChessBase"]
[SourceDate "2023.10.10"]
[SourceVersion "1"]
[SourceVersionDate "2023.10.10"]
[SourceQuality "1"]
[WhiteTeam "Kennemer Combinatie"]
[BlackTeam "Charlois Europoort"]
[WhiteTeamCountry "NED"]
[BlackTeamCountry "NED"]

1. e4 g6 2. d4 Bg7 3. Nc3 d6 4. Be3 a6 5. Qd2 b5 6. 0-0-0 Bb7 7. f3 Nd7 8. h4 h6 9. Nh3 Ngf6 10. g4 Nb6 11. Bd3 h5 12. Ng5 e6 13. Qf2 Qe7 14. gxh5 Nxh5 15. Kb1 0-0-0 16. Rhe1 Kb8 17. f4 Nf6 18. Qg3 d5 19. e5 Nh5 20. Qg4 Nc4 21. Bc1 Rdg8 22. Ne2 Bh6 23. Rh1 Bc8 24. Ng3 Ng7 25. Qe2 Nf5 26. Bxf5 exf5 27. h5 Bg7 28. hxg6 fxg6 29. Qg2 c6 30. Rxh8 Rxh8 31. Rh1 Qf8 32. Rxh8 Qxh8 33. b3 Nb6 34. Ba3 Qh4 35. Qf2 Bh6 36. Be7 Qg4 37. Ne2 Qh5 38. Kb2 Bd7 39. Nc1 Nc8 40. Bf6 Bf8 41. Qe3 Be8 42. Nd3 Qd1 43. Ne6 Bh6 44. Nec5 Bf8 45. Nxa6+ Ka7 46. Nc7 Nb6 47. Nc5 b4 1-0

[Event "NED-chT 2122"]
[Site "Netherlands"]
[Date "2021.11.06"]
[Round "3.8"]
[White "Boudry, William"]
[Black "Meng, Roger"]
[Result "1-0"]
[WhiteElo "2082"]
[BlackElo "2455"]
[PlyCount "61"]
[EventDate "2021.09.18"]
[EventType "team-tourn"]
[EventRounds "9"]
[EventCountry "NED"]
[SourceTitle "EXT 2023"]
[Source "ChessBase"]
[SourceDate "2022.10.05"]
[SourceVersion "1"]
[SourceVersionDate "2022.10.05"]
[SourceQuality "1"]
[WhiteTeam "Sas van Gent"]
[BlackTeam "Charlois Europoort"]
[WhiteTeamCountry "NED"]
[BlackTeamCountry "NED"]

1. e4 g6 2. d4 Bg7 3. c4 d6 4. Nc3 Nf6 5. Bd3 0-0 6. Nge2 c5 7. d5 e6 8. 0-0 Re8 9. Ng3 a6 10. Bf4 Qc7 11. Re1 Nbd7 12. Bf1 Ne5 13. Qd2 exd5 14. exd5 Bd7 15. h3 Rab8 16. Bh6 Bh8 17. f4 Neg4 18. Bg5 b5 19. Rxe8+ Rxe8 20. Re1 Qb8 21. hxg4 Nxg4 22. Nd1 bxc4 23. Rxe8+ Qxe8 24. Bxc4 Bd4+ 25. Kh1 f6 26. Bh4 Ne3 27. Nxe3 Bxe3 28. Qe2 g5 29. Nh5 Qg6 30. Bd3 Qf7 31. fxg5 1-0

[Event "NED-chT 2122"]
[Site "Netherlands"]
[Date "2021.10.09"]
[Round "2.4"]
[White "Meng, Roger"]
[Black "Wantola, Ivo"]
[Result "1-0"]
[WhiteElo "2455"]
[BlackElo "2342"]
[PlyCount "135"]
[EventDate "2021.09.18"]
[EventType "team-tourn"]
[EventRounds "9"]
[EventCountry "NED"]
[SourceTitle "EXT 2023"]
[Source "ChessBase"]
[SourceDate "2022.10.05"]
[SourceVersion "1"]
[SourceVersionDate "2022.10.05"]
[SourceQuality "1"]
[WhiteTeam "Charlois Europoort"]
[BlackTeam "Zuid Limburg"]
[WhiteTeamCountry "NED"]
[BlackTeamCountry "NED"]

1. d4 Nf6 2. Nf3 e6 3. c4 Bb4+ 4. Nbd2 b6 5. g3 Bb7 6. Bg2 0-0 7. a3 Bxd2+ 8. Qxd2 Be4 9. 0-0 a5 10. b3 d6 11. Bb2 Nbd7 12. Rfd1 Qe7 13. Rac1 Rfc8 14. Qc3 c6 15. Bh3 Qe8 16. Qe3 d5 17. Nd2 Bf5 18. Bg2 a4 19. b4 b5 20. c5 Qe7 21. Re1 Re8 22. Qc3 Bg6 23. Rcd1 Rad8 24. Nf3 Ne4 25. Qc1 Qf6 26. Rf1 Bh5 27. Rde1 Qe7 28. Ne5 Rc8 29. f3 Nef6 30. g4 Bg6 31. h4 h6 32. Qf4 Nxe5 33. dxe5 Nd7 34. h5 Bh7 35. e4 Qg5 36. Qg3 Qd2 37. Qf2 Qxf2+ 38. Kxf2 f6 39. exf6 Nxf6 40. e5 Nd7 41. Kg3 Re7 42. f4 Rf8 43. Rf2 g6 44. hxg6 Bxg6 45. Ref1 Rg7 46. Kh4 Bd3 47. Rd1 Bh7 48. Bd4 h5 49. gxh5 Bf5 50. Bf3 Bc2 51. Be2 Bxd1 52. Bxd1 Rg1 53. Bg4 Rxg4+ 54. Kxg4 Rf5 55. Rg2 Kh7 56. Bf2 Kh6 57. Rh2 Nf8 58. Bh4 Nh7 59. Be7 Kg7 60. Rh3 Kh6 61. Bd8 Kg7 62. Bg5 Kf7 63. Bh6 Kg8 64. Rg3 Nf8 65. Kf3+ Kh7 66. Bxf8 Rxf8 67. Rg6 Rf5 68. Kg4 1-0

[Event "Utrecht OKU op 46th"]
[Site "Utrecht"]
[Date "2019.06.01"]
[Round "2"]
[White "Meng, Roger"]
[Black "Vroombout, Enrico"]
[Result "1-0"]
[WhiteElo "2443"]
[BlackElo "2141"]
[PlyCount "89"]
[EventDate "2019.05.31"]
[EventType "swiss"]
[EventRounds "6"]
[EventCountry "NED"]
[SourceTitle "CBM 190 Extra"]
[Source "ChessBase"]
[SourceDate "2019.07.15"]
[SourceVersion "1"]
[SourceVersionDate "2019.07.15"]
[SourceQuality "1"]

1. d4 Nf6 2. Nf3 g6 3. c4 Bg7 4. Nc3 0-0 5. Bf4 d6 6. e3 Bg4 7. Be2 Nbd7 8. 0-0 c6 9. h3 Bxf3 10. Bxf3 e5 11. Bh2 Re8 12. b4 a6 13. a4 exd4 14. exd4 Nf8 15. b5 d5 16. bxc6 bxc6 17. cxd5 cxd5 18. Be5 Rc8 19. Qb3 Ne4 20. Bxe4 dxe4 21. Rad1 Bxe5 22. dxe5 Qh4 23. Rd5 Ne6 24. Re1 Ng5 25. Re3 Rb8 26. Qa2 Rb4 27. Rg3 Reb8 28. Rg4 Qh6 29. Qd2 Nxh3+ 30. gxh3 Qxh3 31. Rg3 Rb1+ 32. Nd1 Qe6 33. Kg2 h5 34. Rd8+ Rxd8 35. Qxd8+ Kg7 36. Nc3 Rb4 37. Qf6+ Qxf6 38. exf6+ Kh6 39. Re3 Rc4 40. Nxe4 Rxa4 41. Nd6 Rf4 42. Nxf7+ Kh7 43. Ng5+ Kh6 44. Rf3 Rxf3 45. Kxf3 1-0

[Event "Utrecht OKU op 46th"]
[Site "Utrecht"]
[Date "2019.05.31"]
[Round "1"]
[White "Buikstra, Arjon"]
[Black "Meng, Roger"]
[Result "0-1"]
[WhiteElo "2075"]
[BlackElo "2443"]
[PlyCount "72"]
[EventDate "2019.05.31"]
[EventType "swiss"]
[EventRounds "6"]
[EventCountry "NED"]
[SourceTitle "CBM 190 Extra"]
[Source "ChessBase"]
[SourceDate "2019.07.15"]
[SourceVersion "1"]
[SourceVersionDate "2019.07.15"]
[SourceQuality "1"]

1. e4 g6 2. Nf3 Bg7 3. d4 d6 4. Be3 Nf6 5. Nc3 0-0 6. Bd3 Nc6 7. h3 e5 8. d5 Ne7 9. Bc4 c6 10. a4 cxd5 11. exd5 Nf5 12. Bc1 e4 13. Nh2 e3 14. fxe3 Ng3 15. Rg1 Re8 16. Ne2 Nfe4 17. Nf3 Nf5 18. Bd3 Qa5+ 19. c3 Qxd5 20. Nf4 Qc5 21. Bxe4 Rxe4 22. Qd5 Qxd5 23. Nxd5 Bd7 24. Kf2 Rxa4 25. Rxa4 Bxa4 26. g4 Bb3 27. Nc7 Rc8 28. Nb5 a6 29. gxf5 axb5 30. Nd4 Bc4 31. e4 b4 32. Ke3 bxc3 33. bxc3 Re8 34. Kf3 Bd3 35. Re1 d5 36. e5 Be4+ 0-1

[Event "NED-chT 1819"]
[Site "Netherlands"]
[Date "2019.04.13"]
[Round "8.9"]
[White "Meng, Roger"]
[Black "Rijnaarts, Sjef"]
[Result "1-0"]
[WhiteElo "2421"]
[BlackElo "2360"]
[PlyCount "101"]
[EventDate "2018.09.15"]
[EventType "team-tourn"]
[EventRounds "9"]
[EventCountry "NED"]
[SourceTitle "CBM 189 Extra"]
[Source "ChessBase"]
[SourceDate "2019.06.03"]
[SourceVersion "1"]
[SourceVersionDate "2019.06.03"]
[SourceQuality "1"]
[WhiteTeam "Charlois Europoort"]
[BlackTeam "Apeldoorn MuConsult"]
[WhiteTeamCountry "NED"]
[BlackTeamCountry "NED"]

1. d4 d5 2. Nf3 Nf6 3. c4 c6 4. Qc2 dxc4 5. Qxc4 Bf5 6. g3 e6 7. Bg2 Nbd7 8. 0-0 Be7 9. Rd1 0-0 10. e3 h6 11. Nc3 Ne4 12. Nd2 Nxd2 13. Bxd2 Bc2 14. Rdc1 Bg6 15. Qe2 Nf6 16. a3 Qd7 17. Na4 Rac8 18. b4 b6 19. Nb2 Rfd8 20. Nc4 Be4 21. Ne5 Qb7 22. f3 Bh7 23. a4 c5 24. dxc5 bxc5 25. b5 Bf8 26. Nc6 Rd7 27. e4 Rdc7 28. Be3 Rxc6 29. bxc6 Rxc6 30. Rab1 Qc8 31. Qb5 Rb6 32. Qc4 Rc6 33. a5 g5 34. Bd2 Bg6 35. Bc3 Bg7 36. Be5 Nd7 37. Bxg7 Kxg7 38. Qb5 Rc7 39. Rd1 c4 40. Rbc1 a6 41. Qb4 f6 42. f4 Bf7 43. Qd6 Nc5 44. Rxc4 e5 45. Rcc1 exf4 46. e5 fxe5 47. Qxe5+ Kh7 48. gxf4 gxf4 49. Qxf4 Bg6 50. Qe5 Kg8 51. Qf6 1-0

[Event "Delft Prinsenstad op 11th"]
[Site "Delft"]
[Date "2018.04.01"]
[Round "6"]
[White "Lai, Hing Ting"]
[Black "Meng, Roger"]
[Result "0-1"]
[WhiteElo "2445"]
[BlackElo "2415"]
[PlyCount "50"]
[EventDate "2018.03.30"]
[EventType "swiss"]
[EventRounds "6"]
[EventCountry "NED"]
[SourceTitle "CBM 183 Extra"]
[Source "ChessBase"]
[SourceDate "2018.04.19"]
[SourceVersion "1"]
[SourceVersionDate "2018.04.19"]
[SourceQuality "1"]

1. d4 Nf6 2. Bg5 e6 3. e4 h6 4. Bxf6 Qxf6 5. c3 d6 6. Bd3 g6 7. Ne2 Bg7 8. f4 e5 9. 0-0 Qe7 10. Nd2 0-0 11. h3 Nd7 12. Nf3 a6 13. Qd2 b6 14. Rae1 Bb7 15. Ng3 b5 16. Bc2 c5 17. h4 h5 18. Ng5 Nf6 19. Bd1 Nh7 20. Bxh5 exf4 21. Rxf4 Nxg5 22. hxg5 cxd4 23. Rf3 dxc3 24. bxc3 Rac8 25. Rd3 Qe5 0-1

[Event "NED-chT 1516"]
[Site "Netherlands"]
[Date "2015.12.12"]
[Round "4.8"]
[White "Van der Heijden, Ton"]
[Black "Meng, Roger"]
[Result "1-0"]
[WhiteElo "2302"]
[BlackElo "2357"]
[PlyCount "47"]
[EventDate "2015.09.26"]
[EventType "team-tourn"]
[EventRounds "9"]
[EventCountry "NED"]
[SourceTitle "CBM 169 Extra"]
[Source "ChessBase"]
[SourceDate "2015.12.18"]
[SourceVersion "1"]
[SourceVersionDate "2015.12.18"]
[SourceQuality "1"]
[WhiteTeam "BSG"]
[BlackTeam "Charlois Europoort"]
[WhiteTeamCountry "NED"]
[BlackTeamCountry "NED"]

1. d4 Nf6 2. c4 e6 3. Nf3 b6 4. Nc3 Bb4 5. Bg5 Bb7 6. Qc2 c5 7. d5 exd5 8. cxd5 h6 9. Bh4 Bxd5 10. 0-0-0 Bc6 11. e4 Bxc3 12. Qxc3 Qc7 13. Bg3 Qb7 14. Bd6 Bxe4 15. Qe5+ Kd8 16. Qe7+ Kc8 17. Qxf7 Bxf3 18. gxf3 Ne8 19. Bxb8 Kxb8 20. Rxd7 Nc7 21. Bd3 Qc8 22. Be4 Rf8 23. Rxc7 Rxf7 24. Rxc8+ 1-0

[Event "NED-chT 1415"]
[Site "Netherlands"]
[Date "2015.03.07"]
[Round "6.10"]
[White "Meng, Roger"]
[Black "Bosboom, Manuel"]
[Result "1/2-1/2"]
[WhiteElo "2340"]
[BlackElo "2424"]
[PlyCount "64"]
[EventDate "2014.09.27"]
[EventType "team-tourn"]
[EventRounds "9"]
[EventCountry "NED"]
[SourceTitle "EXT 2016"]
[Source "ChessBase"]
[SourceDate "2015.10.08"]
[SourceVersion "1"]
[SourceVersionDate "2015.10.08"]
[SourceQuality "1"]
[WhiteTeam "Charlois Europoort"]
[BlackTeam "En Passant"]
[WhiteTeamCountry "NED"]
[BlackTeamCountry "NED"]

1. d4 Nf6 2. c4 g6 3. Nf3 Bg7 4. Nc3 d6 5. e4 0-0 6. Be2 Nbd7 7. 0-0 e5 8. Be3 exd4 9. Nxd4 Re8 10. f3 c6 11. Qd2 a5 12. b3 Qe7 13. Bg5 Nc5 14. Kh1 Qf8 15. Rac1 Nfd7 16. Be3 Nb8 17. Rfd1 Nba6 18. Rb1 f5 19. exf5 Bxf5 20. Nxf5 Qxf5 21. Bf1 Qe5 22. Bxc5 Nxc5 23. Ne2 Qh5 24. Nf4 Qh4 25. g3 Qf6 26. Qf2 Bh6 27. Nd3 Be3 28. Qg2 Ne6 29. Nf2 Bxf2 30. Qxf2 Ng5 31. f4 Ne4 32. Qb2 Qxb2 1/2-1/2

[Event "Haarlem BDO-B 9th"]
[Site "Haarlem"]
[Date "2013.08.19"]
[Round "3"]
[White "Meng, Roger"]
[Black "De Ruiter, Danny"]
[Result "1-0"]
[WhiteElo "2307"]
[BlackElo "2216"]
[PlyCount "51"]
[EventDate "2013.08.17"]
[EventType "tourn"]
[EventRounds "9"]
[EventCountry "NED"]
[EventCategory "4"]
[SourceTitle "CBM 156 Extra"]
[Source "ChessBase"]
[SourceDate "2013.10.22"]
[SourceVersion "1"]
[SourceVersionDate "2013.10.22"]
[SourceQuality "1"]

1. c4 Nf6 2. Nc3 d5 3. cxd5 Nxd5 4. g3 g6 5. Bg2 Nb6 6. d3 Nc6 7. Be3 Be6 8. Nf3 h6 9. 0-0 Bg7 10. Qd2 Nd5 11. Nxd5 Bxd5 12. Rfc1 Qd7 13. Rc5 Rd8 14. Rac1 e6 15. b4 a6 16. a4 Rc8 17. b5 axb5 18. axb5 Ne5 19. Nxe5 Bxe5 20. Bf4 Bd4 21. Rxc7 Rxc7 22. Rxc7 Qxb5 23. Bxd5 exd5 24. Bd6 g5 25. Qa2 Qb6 26. Qa8# 1-0

[Event "Liechtenstein op 31st"]
[Site "Triesen"]
[Date "2013.05.10"]
[Round "8"]
[White "Izsak, Gyula"]
[Black "Meng, Roger"]
[Result "1-0"]
[WhiteElo "2471"]
[BlackElo "2302"]
[PlyCount "83"]
[EventDate "2013.05.03"]
[EventType "swiss"]
[EventRounds "9"]
[EventCountry "LIE"]
[SourceTitle "CBM 154 Extra"]
[Source "ChessBase"]
[SourceDate "2013.06.25"]
[SourceVersion "2"]
[SourceVersionDate "2013.06.25"]
[SourceQuality "1"]

1. Nf3 c5 2. c4 Nf6 3. Nc3 e6 4. d4 cxd4 5. Nxd4 a6 6. a3 b6 7. e4 Qc7 8. Be3 Bb7 9. f3 Be7 10. Rc1 0-0 11. Be2 d6 12. 0-0 Nbd7 13. b4 Rac8 14. Qd2 Qb8 15. Rfd1 Rfe8 16. Nb3 Bd8 17. Bf4 Ne5 18. Bxe5 dxe5 19. c5 Bc7 20. Qe3 b5 21. a4 bxa4 22. Nxa4 Bc6 23. Nb6 Bxb6 24. cxb6 Ba4 25. Bxa6 Bxb3 26. Rxc8 Rxc8 27. b7 Rf8 28. Rc1 Qd6 29. Qc5 Qxa6 30. Qxf8+ Kxf8 31. b8Q+ Ne8 32. b5 Qa3 33. Rc8 Qe7 34. b6 Ba4 35. b7 Qb4 36. h3 Bd7 37. Qa7 Qd4+ 38. Kh2 Qd2 39. Qc5+ Kg8 40. Rxe8+ Bxe8 41. b8Q Qf4+ 42. Kh1 1-0

[Event "Liechtenstein op 31st"]
[Site "Triesen"]
[Date "2013.05.08"]
[Round "6"]
[White "Sarmir, Milos"]
[Black "Meng, Roger"]
[Result "0-1"]
[WhiteElo "2059"]
[BlackElo "2302"]
[PlyCount "56"]
[EventDate "2013.05.03"]
[EventType "swiss"]
[EventRounds "9"]
[EventCountry "LIE"]
[SourceTitle "CBM 154 Extra"]
[Source "ChessBase"]
[SourceDate "2013.06.25"]
[SourceVersion "2"]
[SourceVersionDate "2013.06.25"]
[SourceQuality "1"]

1. Nf3 Nf6 2. g3 d5 3. Bg2 c6 4. 0-0 Bf5 5. d4 e6 6. b3 h6 7. c4 Nbd7 8. Nc3 Be7 9. Re1 0-0 10. Bb2 Bh7 11. Nd2 Qa5 12. a3 Qb6 13. e4 dxe4 14. Ndxe4 Rfd8 15. b4 Nxe4 16. Nxe4 Nf6 17. d5 Bxe4 18. Bxe4 cxd5 19. c5 Bxc5 20. Bxf6 Bxf2+ 21. Kg2 Bxe1 22. Bxd8 Qf2+ 23. Kh3 dxe4 24. Be7 Qf1+ 25. Kh4 g5+ 26. Bxg5 hxg5+ 27. Kxg5 Qf5+ 28. Kh4 Bc3 0-1

[Event "Antwerp InventiChess"]
[Site "Antwerp"]
[Date "2012.09.22"]
[Round "9"]
[White "Meng, Roger"]
[Black "Zelbel, Patrick"]
[Result "1/2-1/2"]
[WhiteElo "2277"]
[BlackElo "2368"]
[PlyCount "56"]
[EventDate "2012.09.14"]
[EventType "tourn"]
[EventRounds "9"]
[EventCountry "BEL"]
[EventCategory "4"]
[SourceTitle "CBM 150 Extra"]
[Source "ChessBase"]
[SourceDate "2012.10.19"]
[SourceVersion "1"]
[SourceVersionDate "2012.10.19"]
[SourceQuality "1"]

1. e4 c5 2. Nc3 g6 3. f4 Bg7 4. Nf3 Nc6 5. Bb5 Nd4 6. Bc4 e6 7. e5 d5 8. Nxd4 cxd4 9. Bb5+ Bd7 10. Bxd7+ Qxd7 11. Ne2 f6 12. Nxd4 fxe5 13. fxe5 Bxe5 14. Nf3 Bg7 15. 0-0 Ne7 16. d4 0-0 17. Bg5 Nc6 18. c3 Rf5 19. Qd2 Raf8 20. Bh6 Qd6 21. Bxg7 Kxg7 22. Rae1 a6 23. Qe3 R5f6 24. Ng5 Rxf1+ 25. Rxf1 Rxf1+ 26. Kxf1 e5 27. dxe5 Nxe5 28. Qf4 Qe7 1/2-1/2

[Event "Antwerp InventiChess"]
[Site "Antwerp"]
[Date "2012.09.15"]
[Round "2"]
[White "Meng, Roger"]
[Black "Geirnaert, Steven"]
[Result "1-0"]
[WhiteElo "2277"]
[BlackElo "2395"]
[PlyCount "79"]
[EventDate "2012.09.14"]
[EventType "tourn"]
[EventRounds "9"]
[EventCountry "BEL"]
[EventCategory "4"]
[SourceTitle "CBM 150 Extra"]
[Source "ChessBase"]
[SourceDate "2012.10.19"]
[SourceVersion "1"]
[SourceVersionDate "2012.10.19"]
[SourceQuality "1"]

1. d4 Nf6 2. Nf3 e6 3. c4 b6 4. g3 Ba6 5. Qa4 c5 6. Bg2 Bb7 7. dxc5 bxc5 8. 0-0 Be7 9. Nc3 Qb6 10. Qc2 0-0 11. Bf4 Nh5 12. Be3 Nc6 13. a3 Qc7 14. Rfd1 Rad8 15. Ne4 d6 16. Rab1 a5 17. Nfg5 g6 18. Nc3 Ng7 19. Nb5 Qb6 20. Qc1 Nf5 21. Nf3 Nxe3 22. Qxe3 d5 23. Qh6 Ba6 24. cxd5 exd5 25. Nc3 d4 26. Ne4 f6 27. Re1 Bc8 28. Rbc1 Be6 29. h4 Bd5 30. Ned2 Rf7 31. Nc4 Qc7 32. Red1 a4 33. Ne1 Be6 34. Nd3 Ne5 35. Ncxe5 fxe5 36. h5 Bf8 37. Qg5 Bg7 38. hxg6 Rf5 39. gxh7+ Kxh7 40. Be4 1-0